000 00398nam a22001577a 4500
020 _a9789384478001
082 _aH400 7
_bNIS/N
100 _aNishi Bhadouriya
245 _aNibandakar Vidhyanivas Misra/
_cby Nishi Bhadouriya
260 _aKanpur:
_bRoli Prakasan,
_c2014.
300 _a208p.
650 _aEssays Hindi Study
650 _aLiterature Hindi
650 _aLiterature
942 _cBK
999 _c58764
_d58764